| 000 | 00551na a2200205 4500 | ||
|---|---|---|---|
| 001 | 12848 | ||
| 003 | MIRAKIL | ||
| 005 | 20181213154855.0 | ||
| 008 | 160817b tu 000 0 | ||
| 035 | _a12848 | ||
| 040 |
_aMilas _btur _cTR-AnCHP |
||
| 082 |
_a297.82 _bT96 2010 |
||
| 090 | _a297.8 T96 2010 | ||
| 245 |
_aTürkiye'de Alevi olmak _chazırlayanlar: Aykan Erdemir ...[ve başkaları] |
||
| 260 |
_aAnkara _b[ yayl. y.] _c2010 |
||
| 300 |
_a253 s. _c19 sm. |
||
| 650 |
_aAlevilik _xTürkiye |
||
| 700 | _aErdemir, Aykan | ||
| 942 |
_2dcc _cBKS |
||
| 999 |
_c2380 _d2380 |
||